000 01117nam a22003137a 4500
001 BR8201529
003 BR-BrBNA
005 20230928091257.0
007 ta
008 230509b bl.||||| |||| 00| 0 por d
040 _aBR-BrBNA
_bpor
_cBiblioteca Nacional de Agricultura
041 _a(Por)
072 _aF60
_b1110
_b/G514
090 _ 1110 BR8201529
100 1 _aCorrea, L. de S.
110 1 _aEscola Superior de Agricultura Luiz de Queiroz, Piracicaba, SP (Brasil)
_0Tese (Doutor em Agronomia)
245 1 _aDistribuicao do sistema radicular de cultivares de abacateiro (Persea spp.)num solo podzolico vermelho amarelo [Sao Paulo; Brasil]
246 1 _aRadicular system distribution of cultivars of avocado-trees (Persea spp.)in a red-yellow podzolic soil [Sao Paulo; Brazil]
260 3 _aPiracicaba, SP (Brasil):
_c1982.
300 _a57 p.
500 _a11 tables; 33 ref.; Summaries (Eng, Por)
650 _aABACATE
650 _aRAIZ
650 _aENRAIZAMENTO
650 _aMATERIA SECA
650 _aPODZOLICO VERMELHO AMARELO
909 _a202309
_bLucia
_c55
_dLucia Elande
942 _cBK
999 _c33162
_d33162